[Event "Verkhnya Salda-ch"]
[Site "Verkhnya Salda"]
[Date "2010.03.07"]
[Round "9"]
[White "Androsenko, Igor"]
[Black "Iskhakov, Rafkat"]
[Result "0-1"]
[WhiteElo "1991"]
[BlackElo "2019"]
[PlyCount "66"]
[EventDate "2010.02.13"]
[EventType "tourn"]
[EventRounds "11"]
[EventCountry "RUS"]
[SourceTitle "EXT 2022"]
[Source "ChessBase"]
[SourceDate "2021.10.06"]
[SourceVersion "1"]
[SourceVersionDate "2021.10.06"]
[SourceQuality "1"]

1. c4 c5 2. Nc3 Nf6 3. g3 Nc6 4. Bg2 g6 5. Nf3 b6 6. 0-0 Bb7 7. a3 Bg7 8. Rb1 0-0 9. b4 d6 10. d3 Qd7 11. Bd2 Nd4 12. e3 Nxf3+ 13. Bxf3 Bxf3 14. Qxf3 Ng4 15. e4 Ne5 16. Qe2 Nc6 17. f4 Nd4 18. Qd1 f5 19. Be3 cxb4 20. axb4 fxe4 21. dxe4 Nc6 22. Nb5 Rac8 23. Qd5+ Kh8 24. e5 Rf5 25. g4 Rff8 26. h3 a5 27. exd6 Nxb4 28. Rxb4 axb4 29. Bxb6 exd6 30. Nxd6 Rxc4 31. Qxc4 Qxd6 32. Bc5 Rc8 33. Bxb4 Qb6+ 0-1

[Event "Verkhnya Salda-ch"]
[Site "Verkhnya Salda"]
[Date "2010.03.06"]
[Round "8"]
[White "Iskhakov, Rafkat"]
[Black "Figura, Aleksandar"]
[Result "1/2-1/2"]
[WhiteElo "2019"]
[BlackElo "2002"]
[PlyCount "58"]
[EventDate "2010.02.13"]
[EventType "tourn"]
[EventRounds "11"]
[EventCountry "RUS"]
[SourceTitle "EXT 2022"]
[Source "ChessBase"]
[SourceDate "2021.10.06"]
[SourceVersion "1"]
[SourceVersionDate "2021.10.06"]
[SourceQuality "1"]

1. d4 e6 2. c4 Nf6 3. Nc3 c5 4. d5 exd5 5. cxd5 d6 6. e4 Be7 7. Nf3 Bg4 8. Be2 0-0 9. 0-0 a6 10. a4 Nbd7 11. Nd2 Bxe2 12. Qxe2 Re8 13. Nc4 Nb6 14. Na3 Nfd7 15. a5 Nc8 16. Nc4 Bf6 17. Bf4 Ne5 18. Nxe5 Bxe5 19. Bxe5 Rxe5 20. f4 Re8 21. Rf3 f6 22. Rh3 Qd7 23. Qh5 g6 24. Qh4 Qf7 25. Qg4 b5 26. axb6 Nxb6 27. Rg3 Kh8 28. h4 f5 29. Qg5 fxe4 1/2-1/2

[Event "Verkhnya Salda-ch op"]
[Site "Verkhnya Salda"]
[Date "2009.11.22"]
[Round "9"]
[White "Iskhakov, Rafkat"]
[Black "Trubitsyna, Yulia"]
[Result "1/2-1/2"]
[WhiteElo "2073"]
[BlackElo "1996"]
[PlyCount "73"]
[EventDate "2009.10.22"]
[EventType "swiss"]
[EventRounds "9"]
[EventCountry "RUS"]
[SourceTitle "EXT 2022"]
[Source "ChessBase"]
[SourceDate "2021.10.06"]
[SourceVersion "1"]
[SourceVersionDate "2021.10.06"]
[SourceQuality "1"]

1. d4 Nf6 2. c4 g6 3. Nc3 Bg7 4. e4 d6 5. Be2 0-0 6. Bg5 h6 7. Be3 e5 8. d5 Nbd7 9. g4 Nc5 10. Bf3 a5 11. g5 Nfd7 12. gxh6 Bf6 13. Qd2 Nb6 14. Be2 c6 15. h4 cxd5 16. cxd5 Bxh4 17. h7+ Kh8 18. Bh6 Re8 19. Nf3 Bf6 20. 0-0-0 Bd7 21. Kb1 Qe7 22. Ng5 Nba4 23. Nb5 Bxb5 24. Bxb5 Rec8 25. Qe3 Rc7 26. Rdg1 Rac8 27. Qa3 Nb6 28. Qxa5 Ncd7 29. Qd2 Nc4 30. Bxc4 Rxc4 31. Qe2 Nb6 32. Nf3 Qd7 33. Nd2 Rc2 34. Qf3 Qe7 35. Qb3 Qc7 36. Qf3 Qe7 37. Qb3 1/2-1/2

[Event "Verkhnya Salda-ch op"]
[Site "Verkhnya Salda"]
[Date "2009.11.21"]
[Round "8"]
[White "Bogdanov, Alexander1"]
[Black "Iskhakov, Rafkat"]
[Result "1/2-1/2"]
[WhiteElo "1919"]
[BlackElo "2073"]
[PlyCount "85"]
[EventDate "2009.10.22"]
[EventType "swiss"]
[EventRounds "9"]
[EventCountry "RUS"]
[SourceTitle "EXT 2022"]
[Source "ChessBase"]
[SourceDate "2021.10.06"]
[SourceVersion "1"]
[SourceVersionDate "2021.10.06"]
[SourceQuality "1"]

1. d4 Nf6 2. Nf3 e6 3. e3 d5 4. Bd3 c5 5. c3 Nc6 6. Ne5 Bd6 7. f4 0-0 8. Nd2 g6 9. 0-0 Qb6 10. Kh1 Nh5 11. g4 Ng7 12. Qe1 f5 13. g5 Bxe5 14. fxe5 Bd7 15. Qh4 Rf7 16. Nf3 Ne7 17. h3 Bb5 18. Bxb5 Qxb5 19. Nh2 Nh5 20. Qf2 Raf8 21. Kg2 b6 22. Qc2 Kg7 23. b3 f4 24. exf4 Nxf4+ 25. Bxf4 Rxf4 26. Rxf4 Rxf4 27. Rf1 Nf5 28. Qd2 Re4 29. Rf2 cxd4 30. cxd4 Rxd4 31. Qb2 Re4 32. Ng4 Qd3 33. Qc1 Qg3+ 34. Kh1 Qxh3+ 35. Nh2 h5 36. Rc2 Kh7 37. Rc7+ Kg8 38. Rc8+ Kf7 39. Rc7+ Kg8 40. Rc8+ Kf7 41. Rc7+ Kg8 42. Rc8+ Kf7 43. Rc7+ 1/2-1/2